Las grandes psicologías modernas / (Record no. 26496)

MARC details
000 -CABECERA
campo de control de longitud fija 00575nam a2200193 a 4500
005 - FECHA Y HORA DE LA ÚLTIMA TRANSACCIÓN
campo de control 20230325063514.0
008 - ELEMENTOS DE LONGITUD FIJA--INFORMACIÓN GENERAL
campo de control de longitud fija 991125s1979 es 000 0 spa u
020 ## - NÚMERO INTERNACIONAL NORMALIZADO PARA LIBROS
Número Internacional Estándar del Libro 8425410657
035 ## - NÚMERO DE CONTROL DEL SISTEMA
Número de control de sistema UPN01000026496
049 ## - COLECCIÓN
Colección CG
050 #4 - SIGNATURA TOPOGRÁFICA DE LA BIBLIOTECA DEL CONGRESO
Número de clasificación BF82
Número de documento/Ítem G728
245 04 - MENCIÓN DE TÍTULO
Título Las grandes psicologías modernas /
Mención de responsabilidad, etc. J. Chateau ... [et. al.] ; tr. Joan Llopis.
260 ## - PUBLICACIÓN, DISTRIBUCIÓN, ETC.
Lugar de publicación, distribución, etc. Barcelona, Esp. :
Nombre del editor, distribuidor, etc. Herder,
Fecha de publicación, distribución, etc. 1979.
300 ## - DESCRIPCIÓN FÍSICA
Extensión 348 p.
440 #0 - MENCIÓN DE SERIE/ASIENTO SECUNDARIO--TÍTULO
Título Biblioteca de psicología ;
Designación de volumen o secuencia 62
650 #7 - ASIENTO SECUNDARIO DE MATERIA - TERMINO TEMATICO
Término de materia o nombre geográfico como elemento de entrada Psicología
Subdivisión general Historia
Fuente del encabezamiento o término
9 (RLIN) 13286
700 1# - ASIENTO SECUNDARIO--NOMBRE DE PERSONAL
Nombre de persona Chateau, Jean,
Término indicativo de función/relación coaut.
9 (RLIN) 33827
905 ## - TIPO DE MATERIAL
Tipo de material Libro
Holdings
Estado de retiro Estado de pérdida Fuente del sistema de clasificación o colocación Estado dañado No para préstamo Código de colección Localización permanente Ubicación/localización actual Ubicación en estantería Fecha de adquisición Total de préstamos Clasificación Código de barras Fecha visto por última vez Fecha del último préstamo Número de copia Tipo de ítem Koha
    Library of Congress Classification     Colección General Bib. Gregorio Torres Quintero Bib. Gregorio Torres Quintero Planta baja 12/09/2022 2 BF82 G728 217344 28/09/2022 12/09/2022 1 Libro
    Library of Congress Classification     Colección General Bib. Gregorio Torres Quintero Bib. Gregorio Torres Quintero Planta baja 12/09/2022 3 BF82 G728 217343 09/02/2024 01/02/2024 1 Libro
    Library of Congress Classification     Colección General Bib. Gregorio Torres Quintero Bib. Gregorio Torres Quintero Planta baja   3 BF82 G728 132645 31/12/2020   1 Libro